Aceleración
Saved in:
| 主要作者: | |
|---|---|
| 格式: | 圖書 |
| 語言: | 西班牙语 |
| 出版: |
Bogotá
Norma
2003
|
| 叢編: | Zona Libre
|
| 主題: | |
| 標簽: |
添加標簽
沒有標簽, 成為第一個標記此記錄!
|
MARC
| LEADER | 00000nam a2200000 a 4500 | ||
|---|---|---|---|
| 001 | UCH9782 | ||
| 003 | CL-VaPUC | ||
| 008 | 100121e20030000CK |||||||||||||||||spa|d | ||
| 020 | |a 958047608X | ||
| 082 | 0 | 4 | |a 843 |b MCN |2 21 |
| 100 | |a McNamee, Graham |e autor |9 547051 | ||
| 245 | 1 | 0 | |a Aceleración |
| 300 | |a 257 p | ||
| 942 | |c BK | ||
| 945 | |d 20100121 00:00:00 |a dcastane | ||
| 260 | |a Bogotá |b Norma |c 2003 | ||
| 650 | 0 | |a Literatura canadiense |9 342826 | |
| 650 | 0 | |a Cuentos juveniles |9 542856 | |
| 650 | 7 | |a CUENTOS CANADIENSES |2 CL-VaPUC |9 319373 | |
| 583 | |a last modification |c 20100121 00:00:00 |k Rodrigo Vera | ||
| 490 | 0 | |a Zona Libre | |
| 999 | |c 339671 |d 339669 | ||